| 000 | 01214nam a2200337 c 4500 | ||
|---|---|---|---|
| 003 | BLK | ||
| 005 | 20240716005333.0 | ||
| 008 | 180413b bul|||||r ||||||| ||bul|| | ||
| 010 | _aKNG00018960000 | ||
| 040 | _aBLK | ||
| 041 |
_aENG _cENG |
||
| 080 |
_aАнглийска литература _b821.111 _x(092) _z821.111(092) |
||
| 080 |
_aАнглийски драматург и поет _b929 Шекспир, Уилям _x _z929 Шекспир, Уилям |
||
| 700 | 1 |
_aMinkov, Marko Konstantinov _9261620 |
|
| 100 | 1 |
_aMincoff, Marco Konstantinov _eпърви автор _918784 |
|
| 139 |
_aMinkov, Marko Konstantinov _bM 73 |
||
| 245 | 1 | 0 |
_aShakespeare _bThe first steps : [Моногр.] _c Marko Konstantinov Minkov; Marco Mincoff. |
| 257 | _aBGR | ||
| 260 |
_аSofia _bBulg. Acad. of Sciences _c1976 |
||
| 300 |
_a218 с. _c21 см |
||
| 380 | _a82 | ||
| 650 | 4 |
_aАнглийска литература - критика _9257897 |
|
| 653 | _aанглийска литература | ||
| 653 | _aУилям Шекспир | ||
| 852 | _aЦб 84304 | ||
| 856 | 4 |
_qpdf _u |
|
| 856 | 4 |
_qpdf _u |
|
| 942 |
_cKNG _n0 |
||
| 944 |
_aCR _c15.01.2003 _k _lCRON CRON |
||
| 944 |
_aED _c02.07.2014 _k |
||
| 999 |
_c17047 _d17047 |
||